1043 1103 1605 1182 1028 1119 1174 1338 1697 1457 1720 1042 1155 1393 1062 1561 1091 1863 1332 1528 1522 1682 1825 1421 1981 1474 1965 1536 1169 1896 1071 1338 1119 1860 1245 1813 1034 1464 1515 1381 1765 1195 1371 1850 1661 1773 1200 1895 1312 1772 1141 1325 1079 1034 1675 1088 1270 1170 1015 1182 1765 1408 1066 1284 1056 1935 1641 1373 1048 1314 1824 1164 1687 1735 1353 1379 1872 1082 1089 1315 1424 1343 1510 1785 1124 1283 1501 1041 1782 1891 1693 1253 1056 1502 1704 1291 1068 1192 1351 BCNSPRNW ULIB Ver.6.0+V

เปลี่ยนเป็นภาษาไทย

Change to English
 แสดงรายละเอียดบรรณานุกรม
  กลับหน้าหลัก

Brief Record : Get Marc (ISO 2709) : E-mail record : QR code < ปิดหน้าต่าง
LEADER : 00000nam 2200000uu 4500
001    13399120060
003     ULIB
008    120828s2552||||th 000 0 tha d
020    ^a9786165000130
090    ^aนว.^bธ521ล 2552
100 0  ^aมักเน
245 00 ^aเล่ห์แค้น แผนรัก/^cธารใส
250    ^aพิมพ์ครั้งที่ 1
260    ^aกรุงเทพฯ :^bพิมพ์คำ,^c2552
300    ^a418 หน้า
945    ^p270^l0^i16289
995    ^aกัณชพร
999    ^aใช้งานได้ทุกระบบ
รายการนี้ยังไม่มีแท็ก
คุณยังไม่ได้ล็อกอิน คุณสามารถมีกิจกรรมร่วมกับเว็บไซต์ได้ แต่ต้องล็อกอินก่อน ::
  ล็อกอิน

รายการสื่อสารสนเทศ

ลำดับที่ ประเภท เลขเรียก/บาร์โค้ด สถานที่ สถานะ
1. นวนิยาย
นวนิยาย
นว. ธ521ล 2552  
  Barcode: 16289
ห้องสมุดวิทยาเขตสวรรค์ประชารักษ์
►นวนิยาย
บนชั้น
  ขอยืม

รายการใกล้เคียง
    ผู้แต่ง [มักเน]

BibComment


ยังไม่เคยถูกคอมเมนท์

คอมเมนท์ทรัพยากรรายการนี้
  คอมเมนท์: เล่ห์แค้น แผนรัก..


 Copyright 2026. Bcnsprnw @Library